Statistics for Least guessed country flags

Click here to take the quiz!

General Stats

  • This quiz has been taken 21 times
  • The average score is 14 of 17

Answer Stats

Answer% Correct
Tuvalu
100%
Central African Republic
95%
Mauritius
95%
Suriname
95%
Grenada
90%
Benin
85%
Equatorial Guinea
85%
Guinea
85%
Saint Kitts & Nevis
85%
Sierra Leone
85%
Vanuatu
85%
Saint Vincent and the Grenadines
80%
Solomon Islands
80%
Bolivia
75%
Gambia
75%
Guinea-Bissau
75%
Sao Tomé & Principe
70%

Score Distribution

Percentile by Number Answered

Percent of People with Each Score

Your Score History

You have not taken this quiz